000 00621nam a22001817a 4500
005 20251108164012.0
008 250721s1996 xx 000 0 ara d
082 1 4 _a657.0285/مطر
100 1 _aمطر، محمد عطيه
245 1 0 _aنظرية المحاسبة و إقتصاد المعلومات :
_bالإطار الفكري و تطبيقاته العلمية /
264 1 _aعمان :
_bدار حنين،
_c1996.
650 1 7 _aالمحاسبة
650 1 7 _aالحواسيب
700 1 _aالراوي، حكمت أحمد
700 1 _aالحيالي، وليد ناجي
942 _2ddc
_cBK
999 _c1154
_d1154